| 000 | 01288nam0a22003131 4500 | ||
|---|---|---|---|
| 001 | RU\NLR\INFOCOMM_161\5000048597 | ||
| 005 | 20250613091931.0 | ||
| 035 | _a(NLR Aleph) 009137654 | ||
| 090 |
_a8316199 _c8316199 |
||
| 100 | _a20090916d1978 |||y0rusy50 ca | ||
| 101 | 0 | _aeng | |
| 102 | _aRU | ||
| 105 | _aa ||||000|y | ||
| 200 | 1 |
_aProduction of strange quasinuclear mesons Λ̅N in p̅d interaction _fL. N. Bogdanova, V. E. Markushin |
|
| 210 |
_aΜ. _d1978 |
||
| 215 |
_a15 с. _cграф. _d26 см |
||
| 225 | 1 |
_a[Preprint] _fInst. of theoretical and experimental physics _vITEP-11 |
|
| 300 | _aВ вып. дан.: Л. Н. Богданова, В. Е. Маркушин. О рождении странных квазиядерных мезонов ΛN во взаимодействии pd | ||
| 320 | _aБиблиогр.: с. 14 | ||
| 606 |
_aМезоны квазиядерные _xРождение при взаимодействии антипротонов с дейтронами _2nlr_sh1 |
||
| 686 |
_aВ383.521 _2rubbk |
||
| 700 | 1 |
_aBogdanova _bL. N. _4070 |
|
| 701 | 1 |
_9z02790 _aMarkušin _bV. E. _4070 |
|
| 790 | 1 |
_9z02701 _aMarkushin _bV. E. _4070 |
|
| 801 | 1 |
_aRU _bNLR _c20090916 |
|
| 801 | 0 |
_aRU _bNLR _gPSBO |
|
| 852 |
_aNLR _jФз01 Д-8/216 |
||
| 942 | _cBOOK | ||
| 980 | _aNB | ||